000 00831nam a2200205 a 4500
001 000018869
005 20210203220724.0
008 100520s2007 dr c 000 0 spa d
040 _aDO-SdBNP
_bspa
_cBNPHU
082 _a320.5
_bC352e
100 1 _aCastillo, Henry
_940648
245 1 0 _aEntrevista a Leonel Fernández :
_btiene poco sentido proclamarse de izquierda o de derecha, lo importante es sintonizar con las aspiraciones de la sociedad /
_cHenry Castillo.
260 _aSanto Domingo :
_bCagrull,
_c2007.
300 _a39 p. :
_bretrs. ;
_c22 cm.
500 _aIncluye datos biográficos del autor en la solapa de la contracubierta.
600 1 0 _aFernandez , Leonel, 1953-
_xEntrevistas
_940649
650 4 _aLideres políticos
_xEntrevistas
_940650
650 4 _aIntelectuales
_xActividad política
_934415
049 _aBNPD
999 _c18388
_d18388